000 00303nam a2200145Ia 4500
100 _aGroover/Mikell P
942 _cBK
654 _aRobotics
245 _aIndustrial Robotics
260 _bMc Graw Hill
_aBombay
_c1986
082 _a629.892
_bGEE
300 _a546
546 _aENGLISH
999 _c24677
_d24677